[Event "NB1 Maroczy csoport"]
[Site "Budapest"]
[Date "2024.11.03"]
[Round "1.3"]
[White "Egyed, Gabor"]
[Black "Konnyu, Janos"]
[Result "1/2-1/2"]
[WhiteElo "2139"]
[BlackElo "2337"]
[PlyCount "162"]
[EventDate "2024.11.03"]
[EventType "team-tourn"]
[EventRounds "11"]
[EventCountry "HUN"]
[Source "chess.hu"]
[SourceDate "2024.11.04"]
[WhiteTeam "Kumania-Kisujszallas"]
[BlackTeam "Aquarena Kobanya  II"]
[WhiteTeamCountry "HUN"]
[BlackTeamCountry "HUN"]

1. d4 Nf6 2. Nc3 d5 3. Bf4 a6 4. e3 e6 5. Bd3 c5 6. dxc5 Bxc5 7. Nf3 Nc6 8. O-O
b5 9. e4 d4 10. Ne2 Bb7 11. a3 Nd7 12. e5 Ndxe5 13. Be4 Nxf3+ 14. Bxf3 O-O 15.
c3 dxc3 16. Nxc3 Qb6 17. Ne4 Nd4 18. Rc1 Nxf3+ 19. gxf3 Rac8 20. Rxc5 Rxc5 21.
Be3 Bxe4 22. fxe4 Qc6 23. Bxc5 Qxc5 24. Qd2 g6 25. Rd1 Rc8 26. Qf4 Qe7 27. Qe5
Rc5 28. Rd5 Rc1+ 29. Kg2 Qh4 30. Qb8+ Kg7 31. Qe5+ Qf6 32. Qxf6+ Kxf6 33. Rd6
Rc2 34. b4 Ke5 35. Rxa6 Ra2 36. Rb6 Rxa3 37. Rxb5+ Kxe4 38. Rb7 Rf3 39. Rc7 Rf5
40. h4 Ke5 41. b5 Kf6 42. b6 Rb5 43. b7 e5 44. Kf3 Rb4 45. Ke3 h5 46. f3 Ke6
47. Kf2 f6 48. Kg3 Kf5 49. Rf7 Rb3 50. Kf2 Rb1 51. Kg3 Rb3 52. Kf2 g5 53. hxg5
Kxg5 54. Kg2 f5 55. Rc7 h4 56. Rh7 h3+ 57. Kf2 Rb2+ 58. Kg3 h2 59. Rxh2 f4+ 60.
Kh3 Rxb7 61. Re2 Kf5 62. Kg2 Rb3 63. Kf2 Ke6 64. Rd2 Rb4 65. Ke2 Rd4 66. Ra2
Rd8 67. Ra6+ Kf5 68. Rb6 Ra8 69. Kf2 Ra2+ 70. Kf1 Kg5 71. Re6 Kh4 72. Rxe5 Kg3
73. Rb5 Rf2+ 74. Kg1 Re2 75. Kf1 Kxf3 76. Rb3+ Re3 77. Rb2 Ra3 78. Rf2+ Ke4 79.
Re2+ Re3 80. Kf2 Kd3 81. Ra2 Ke4 1/2-1/2

[Event "NB1 Maroczy csoport"]
[Site "Budapest"]
[Date "2024.11.03"]
[Round "1.4"]
[White "Halak, Miklos"]
[Black "Pletl, Akos"]
[Result "1/2-1/2"]
[WhiteElo "2189"]
[BlackElo "2200"]
[PlyCount "174"]
[EventDate "2024.11.03"]
[EventType "team-tourn"]
[EventRounds "11"]
[EventCountry "HUN"]
[Source "chess.hu"]
[SourceDate "2024.11.04"]
[WhiteTeam "Aquarena Kobanya  II"]
[BlackTeam "Kumania-Kisujszallas"]
[WhiteTeamCountry "HUN"]
[BlackTeamCountry "HUN"]

1. e4 e5 2. Nf3 Nc6 3. Nc3 d6 4. d4 Bg4 5. Bb5 Bxf3 6. Qxf3 exd4 7. Ne2 a6 8.
Bxc6+ bxc6 9. Nxd4 c5 10. Nf5 g6 11. Ne3 Bg7 12. O-O Ne7 13. Nc4 Nc6 14. c3 O-O
15. Bf4 Re8 16. Rfe1 Ne5 17. Bxe5 Bxe5 18. Rad1 h5 19. Rd5 Qg5 20. Red1 Rab8
21. b3 Re6 22. h4 Qe7 23. Nxe5 Rxe5 24. Rxe5 Qxe5 25. Rd5 Qe7 26. Qf4 Qe6 27.
c4 a5 28. e5 Rb6 29. g3 Ra6 30. Qg5 Ra8 31. Kg2 Kg7 32. Qd2 Ra6 33. Qc3 Kh7 34.
Qd3 Kg7 35. a4 Kg8 36. Qd2 Kg7 37. Qg5 Rb6 38. Qe3 Kg8 39. Qc3 Ra6 40. f4 Rb6
41. Rd3 Qf5 42. Re3 dxe5 43. Rxe5 Qd7 44. Rd5 Qe7 45. Re5 Qd7 46. Qxa5 Rxb3 47.
f5 Qd3 48. Qe1 Qf3+ 49. Kh3 Qg4+ 50. Kh2 Rb2+ 51. Kg1 gxf5 52. Qc3 Rb8 53. Qd3
Rb1+ 54. Kg2 Rb2+ 55. Kg1 Rb1+ 56. Kg2 Rd1 57. Qe3 Rd4 58. Qh6 Rd8 59. Qg5+
Qxg5 60. hxg5 Ra8 61. Rxc5 Rxa4 62. Rxc7 Kg7 63. Rc6 Ra3 64. Kf2 Rc3 65. c5 Kh7
66. Rh6+ Kg7 67. c6 Kf8 68. Rf6 Ke7 69. Kg2 Ke8 70. Kh2 Ke7 71. Kg2 Ke8 72. Kh3
Rc2 73. Rh6 Ke7 74. Rf6 Ke8 75. Rd6 Kf8 76. Rf6 Kg7 77. Rd6 Kh7 78. Rh6+ Kg7
79. Rf6 Kg8 80. g6 fxg6 81. Rxg6+ Kf7 82. Rd6 Rc4 83. Rh6 Kg7 84. Rd6 f4 85.
gxf4 Rxf4 86. c7 Rc4 87. Rd7+ Kf6 1/2-1/2

[Event "NB1 Maroczy csoport"]
[Site "Budapest"]
[Date "2024.11.03"]
[Round "1.5"]
[White "Nagy, Attila N"]
[Black "Csernyik, Mark"]
[Result "0-1"]
[WhiteElo "2149"]
[BlackElo "2144"]
[PlyCount "108"]
[EventDate "2024.11.03"]
[EventType "team-tourn"]
[EventRounds "11"]
[EventCountry "HUN"]
[Source "chess.hu"]
[SourceDate "2024.11.04"]
[WhiteTeam "Kumania-Kisujszallas"]
[BlackTeam "Aquarena Kobanya  II"]
[WhiteTeamCountry "HUN"]
[BlackTeamCountry "HUN"]

1. b3 Nf6 2. Bb2 g6 3. Bxf6 exf6 4. c4 Bg7 5. Nc3 O-O 6. g3 f5 7. Rc1 Nc6 8.
Bg2 d6 9. e3 Re8 10. Nge2 Bd7 11. O-O h5 12. Nd5 Rb8 13. d4 Ne7 14. Ndf4 c6 15.
b4 b6 16. Qb3 Kh7 17. Rfd1 Ng8 18. b5 c5 19. dxc5 dxc5 20. Bc6 Nf6 21. Rxd7
Nxd7 22. Rd1 Re7 23. Qd3 Qf8 24. Bxd7 Rd8 25. Qd5 Rexd7 26. Qxd7 Rxd7 27. Rxd7
g5 28. Nd5 Qe8 29. Re7 Qc8 30. Rxa7 Qe8 31. f3 g4 32. Re7 Qa8 33. Kf2 Qxa2 34.
Nxb6 Kg6 35. Rc7 Qb1 36. fxg4 hxg4 37. Rxc5 Qh1 38. Nf4+ Kg5 39. Ng2 Qd1 40.
Rd5 Qc2+ 41. Kf1 Bc3 42. Nh4 Qb1+ 43. Kg2 Qe4+ 44. Kf2 Qc2+ 45. Kf1 Be5 46. Ng2
Bc7 47. Nh4 Bxb6 48. Rxf5+ Qxf5+ 49. Nxf5 Kxf5 50. Kg2 Ke4 51. h3 f5 52. h4
Bxe3 53. h5 Ke5 54. h6 Kf6 0-1

[Event "NB1 Maroczy csoport"]
[Site "Budapest"]
[Date "2024.11.03"]
[Round "1.6"]
[White "Foldes, Marton Gabor"]
[Black "Muhari, Istvan"]
[Result "1-0"]
[WhiteElo "2167"]
[BlackElo "2138"]
[PlyCount "57"]
[EventDate "2024.11.03"]
[EventType "team-tourn"]
[EventRounds "11"]
[EventCountry "HUN"]
[Source "chess.hu"]
[SourceDate "2024.11.04"]
[WhiteTeam "Aquarena Kobanya  II"]
[BlackTeam "Kumania-Kisujszallas"]
[WhiteTeamCountry "HUN"]
[BlackTeamCountry "HUN"]

1. e4 c6 2. Nf3 d5 3. Nc3 dxe4 4. Nxe4 Nf6 5. Qe2 Nxe4 6. Qxe4 Nd7 7. Bc4 Nf6
8. Ne5 e6 9. Qf4 Bd6 10. d4 Qc7 11. O-O b6 12. Qg5 Rg8 13. Re1 Bxe5 14. Rxe5
Bb7 15. Bf4 Qe7 16. Bg3 Nd7 17. Qxe7+ Kxe7 18. Bh4+ Kf8 19. Re2 g5 20. Bg3 Nf6
21. Bd6+ Kg7 22. Be5 h5 23. f4 g4 24. Rf1 Bc8 25. Bd3 Rh8 26. f5 exf5 27. Bxf5
Rh6 28. Bxc8 Rxc8 29. Ref2 1-0

[Event "NB1 Maroczy csoport"]
[Site "Budapest"]
[Date "2024.11.03"]
[Round "1.7"]
[White "Balogh, David"]
[Black "Szabo, Marton Nandor"]
[Result "1-0"]
[WhiteElo "2211"]
[BlackElo "2011"]
[PlyCount "107"]
[EventDate "2024.11.03"]
[EventType "team-tourn"]
[EventRounds "11"]
[EventCountry "HUN"]
[Source "chess.hu"]
[SourceDate "2024.11.04"]
[WhiteTeam "Kumania-Kisujszallas"]
[BlackTeam "Aquarena Kobanya  II"]
[WhiteTeamCountry "HUN"]
[BlackTeamCountry "HUN"]

1. d4 Nf6 2. Nc3 d5 3. Bf4 Bf5 4. f3 e6 5. g4 Bg6 6. h4 h6 7. h5 Bh7 8. e3 Bd6
9. Bd3 a6 10. Bxh7 Nxh7 11. Qd2 Nd7 12. O-O-O Nb6 13. b3 Qe7 14. Bxd6 Qxd6 15.
Kb1 Qb4 16. Ne4 Qxd2 17. Nxd2 O-O-O 18. Nh3 Nd7 19. c4 c5 20. cxd5 cxd4 21. Nc4
Ndf6 22. dxe6 fxe6 23. exd4 Nd5 24. Kb2 Rhf8 25. Ne5 Nf4 26. Ng6 Nxg6 27. hxg6
Ng5 28. Nxg5 hxg5 29. Rd3 Rf6 30. Rc1+ Kb8 31. Rc5 Rxg6 32. Kc3 Rd5 33. Kc4 Rd6
34. a4 b6 35. Re5 Kb7 36. d5 exd5+ 37. Rdxd5 Kc6 38. Rxg5 Rgf6 39. Rdf5 g6 40.
Rxf6 Rxf6 41. Kd4 Kd6 42. Ke4 Re6+ 43. Kd4 Rf6 44. Ke3 Re6+ 45. Kf4 Rf6+ 46.
Kg3 Ke7 47. Re5+ Kf7 48. Rd5 Rc6 49. Rd7+ Kf6 50. Kf4 g5+ 51. Ke4 a5 52. Kd4
Ke6 53. Rh7 Rd6+ 54. Ke4 1-0

[Event "NB1 Maroczy csoport"]
[Site "Budapest"]
[Date "2024.11.03"]
[Round "1.8"]
[White "Minga-Nagy, Abel Inti"]
[Black "Simonyi, Zoltan"]
[Result "1/2-1/2"]
[WhiteElo "2033"]
[BlackElo "2129"]
[PlyCount "95"]
[EventDate "2024.11.03"]
[EventType "team-tourn"]
[EventRounds "11"]
[EventCountry "HUN"]
[Source "chess.hu"]
[SourceDate "2024.11.04"]
[WhiteTeam "Aquarena Kobanya  II"]
[BlackTeam "Kumania-Kisujszallas"]
[WhiteTeamCountry "HUN"]
[BlackTeamCountry "HUN"]

1. e4 e6 2. d4 d5 3. Bd3 c5 4. c3 Nc6 5. Nf3 dxe4 6. Bxe4 Nf6 7. Bxc6+ bxc6 8.
O-O Be7 9. Bg5 cxd4 10. Nxd4 Bd7 11. Nd2 O-O 12. N4f3 c5 13. Ne5 Be8 14. Qc2
Qc7 15. Ndf3 Rd8 16. c4 h6 17. Bh4 Nh5 18. Bxe7 Qxe7 19. Rad1 Nf6 20. Rxd8 Qxd8
21. Rd1 Qc7 22. b3 a5 23. Qd2 a4 24. b4 cxb4 25. Qxb4 Ne4 26. c5 Nxc5 27. Qc4
Qa5 28. Nd4 Nb7 29. Qe2 Qc5 30. h3 Nd6 31. Ng4 Nb5 32. Nf3 Nc3 33. Qc2 Bb5 34.
Re1 Rc8 35. Qd2 Qd5 36. Nxh6+ gxh6 37. Qxh6 Ne2+ 38. Kh1 Qf5 39. Nh4 Qxf2 40.
Qg5+ Kf8 41. Qh6+ Ke8 42. Rd1 Ng3+ 43. Kh2 Nf1+ 44. Kh1 Qg3 45. Qh8+ Ke7 46.
Ng6+ fxg6 47. Qg7+ Ke8 48. Qg8+ 1/2-1/2

[Event "NB1 Maroczy csoport"]
[Site "Budapest"]
[Date "2024.11.03"]
[Round "1.9"]
[White "Vranic, Ljubomir"]
[Black "Koczo, Kristof"]
[Result "1/2-1/2"]
[WhiteElo "2083"]
[BlackElo "2007"]
[PlyCount "153"]
[EventDate "2024.11.03"]
[EventType "team-tourn"]
[EventRounds "11"]
[EventCountry "HUN"]
[Source "chess.hu"]
[SourceDate "2024.11.04"]
[WhiteTeam "Kumania-Kisujszallas"]
[BlackTeam "Aquarena Kobanya  II"]
[WhiteTeamCountry "HUN"]
[BlackTeamCountry "HUN"]

1. d4 d5 2. Nc3 c6 3. Bf4 Qb6 4. Qd3 Na6 5. O-O-O Nf6 6. a3 Bg4 7. Nf3 e6 8. e4
dxe4 9. Nxe4 Nxe4 10. Qxe4 Be7 11. Bd3 Bf5 12. Qe2 Bxd3 13. Rxd3 Qb5 14. Re1
Qf5 15. Qd2 Qd5 16. Kb1 Bd6 17. Be5 Bc7 18. Qg5 Rg8 19. Qf4 Qd7 20. Qh4 h6 21.
c4 Bd8 22. Qe4 Be7 23. Bg3 O-O-O 24. Ne5 Qe8 25. Rf3 Bf6 26. c5 Bxe5 27. Bxe5
Rd5 28. g4 Qd7 29. Qh7 Qe8 30. Bxg7 f5 31. gxf5 Qf7 32. f6 Rxd4 33. Qc2 Nc7 34.
Bxh6 Rg6 35. Be3 Rh4 36. Rf4 Rxh2 37. Ka1 Rxf6 38. Rxf6 Qxf6 39. Qe4 Qf5 40.
Qa4 a6 41. Rg1 Qh7 42. Qd1 Nd5 43. Bd4 Rh5 44. Qg4 Rf5 45. Qe4 Qf7 46. Rg7 Qe8
47. Be5 Qh5 48. Bg3 e5 49. Qd3 Rg5 50. Rh7 Qe8 51. Qb3 Nc7 52. Qe3 Qg8 53. Rh1
Nd5 54. Qf3 Kb8 55. Rh5 Ka7 56. Rxg5 Qxg5 57. Qe4 Nf4 58. Qb4 Nd3 59. Qc3 e4
60. b4 Qh6 61. Kb1 Qh1+ 62. Kc2 Qf1 63. Qd2 Qa1 64. Kb3 Qb1+ 65. Kc4 a5 66. Qc3
Nxf2 67. Bxf2 Qa2+ 68. Kd4 Qxf2+ 69. Kxe4 Qe2+ 70. Kd4 Qg4+ 71. Kd3 Qf5+ 72.
Kd2 Qd5+ 73. Ke3 Qe6+ 74. Kd2 Qa2+ 75. Ke3 a4 76. Qd3 Qa1 77. Ke2 1/2-1/2

[Event "NB1 Maroczy csoport"]
[Site "Budapest"]
[Date "2024.11.03"]
[Round "1.10"]
[White "Karacsonyi, Bank"]
[Black "Lazar, Janos"]
[Result "1-0"]
[WhiteElo "2031"]
[BlackElo "2027"]
[PlyCount "75"]
[EventDate "2024.11.03"]
[EventType "team-tourn"]
[EventRounds "11"]
[EventCountry "HUN"]
[Source "chess.hu"]
[SourceDate "2024.11.04"]
[WhiteTeam "Aquarena Kobanya  II"]
[BlackTeam "Kumania-Kisujszallas"]
[WhiteTeamCountry "HUN"]
[BlackTeamCountry "HUN"]

1. d4 b5 2. e4 Bb7 3. Bd3 Nf6 4. Qe2 a6 5. Nf3 e6 6. Bg5 h6 7. Bh4 Be7 8. Nbd2
d6 9. O-O O-O 10. c3 Nbd7 11. Bxf6 Bxf6 12. a4 bxa4 13. Rxa4 Nb6 14. Ra5 c5 15.
Rfa1 Nd7 16. e5 dxe5 17. dxc5 Qc7 18. b4 Be7 19. Bxa6 f6 20. Bxb7 Qxb7 21. Nb3
Rfd8 22. Qc4 Nf8 23. h4 Rxa5 24. Rxa5 Rd1+ 25. Kh2 e4 26. Nfd4 Qc7+ 27. g3 Kf7
28. Ra6 Qe5 29. Qe2 Rd3 30. Ra7 Ng6 31. h5 Nh4 32. Rxe7+ Kf8 33. Rxe6 Nf3+ 34.
Qxf3 exf3 35. Rxe5 fxe5 36. c6 Rxc3 37. c7 exd4 38. Nc5 1-0

[Event "NB1 Maroczy csoport"]
[Site "Budapest"]
[Date "2024.11.03"]
[Round "1.11"]
[White "Molnar, Lili"]
[Black "Fodor, Miklos"]
[Result "0-1"]
[WhiteElo "1781"]
[BlackElo "1988"]
[PlyCount "58"]
[EventDate "2024.11.03"]
[EventType "team-tourn"]
[EventRounds "11"]
[EventCountry "HUN"]
[Source "chess.hu"]
[SourceDate "2024.11.04"]
[WhiteTeam "Kumania-Kisujszallas"]
[BlackTeam "Aquarena Kobanya  II"]
[WhiteTeamCountry "HUN"]
[BlackTeamCountry "HUN"]

1. d4 Nf6 2. c4 g6 3. Nc3 Bg7 4. e4 d6 5. Nf3 O-O 6. Be2 e5 7. O-O Nc6 8. d5
Ne7 9. Nd2 Ne8 10. b4 f5 11. f3 f4 12. c5 g5 13. a4 h5 14. Ba3 Ng6 15. cxd6
cxd6 16. Rc1 Rf7 17. Qb3 g4 18. Rfd1 g3 19. Nf1 Qb6+ 20. Kh1 Qf2 21. Nxg3 fxg3
22. Rf1 Qe3 23. hxg3 Bd7 24. Rc2 Qg5 25. Kh2 h4 26. g4 Qf4+ 27. Kg1 Qg3 28. Bc4
h3 29. Rff2 Bxg4 0-1

[Event "NB1 Maroczy csoport"]
[Site "Budapest"]
[Date "2024.11.03"]
[Round "1.12"]
[White "Karacsonyi, Luca"]
[Black "Giricz, Gergo"]
[Result "0-1"]
[WhiteElo "1945"]
[BlackElo "1770"]
[PlyCount "134"]
[EventDate "2024.11.03"]
[EventType "team-tourn"]
[EventRounds "11"]
[EventCountry "HUN"]
[Source "chess.hu"]
[SourceDate "2024.11.04"]
[WhiteTeam "Aquarena Kobanya  II"]
[BlackTeam "Kumania-Kisujszallas"]
[WhiteTeamCountry "HUN"]
[BlackTeamCountry "HUN"]

1. e4 e5 2. Nf3 Nc6 3. Bc4 Bc5 4. d3 Nf6 5. c3 d6 6. Bb3 h6 7. Nbd2 O-O 8. O-O
a5 9. Re1 Re8 10. Nf1 Ne7 11. Be3 Bxe3 12. fxe3 Ng6 13. Ng3 Be6 14. Ba4 c6 15.
d4 b5 16. Bc2 Bc8 17. Nf5 d5 18. dxe5 Nxe5 19. exd5 Nxd5 20. Nxe5 Rxe5 21. Qd4
Bxf5 22. Qxe5 Bxc2 23. e4 Qb6+ 24. Qd4 Qxd4+ 25. cxd4 Nf6 26. e5 Nd5 27. Rec1
Be4 28. Rxc6 Nf4 29. Rb6 b4 30. Rd1 Bxg2 31. Kf2 Bd5 32. a3 bxa3 33. bxa3 a4
34. Rd6 Bb3 35. Rd2 Nd5 36. Kf3 Nc3 37. Rg2 Bd5+ 38. Rxd5 Nxd5 39. Ke4 Nc3+ 40.
Kd3 Nb5 41. Rb2 Nc7 42. Rb7 Ne6 43. Ke4 g5 44. Rb4 Ra7 45. d5 Nf4 46. d6 Kg7
47. Rc4 Ne6 48. Kf5 Ra5 49. Ke4 f6 50. exf6+ Kxf6 51. Kf3 Nc5 52. h4 Ke5 53.
hxg5 hxg5 54. Rg4 Kxd6 55. Rxg5 Rb5 56. Ke2 Rb3 57. Kd1 Rxa3 58. Kc2 Rb3 59.
Rh5 Kc6 60. Rh4 Kb5 61. Rh5 Re3 62. Kb2 a3+ 63. Ka2 Kb4 64. Rh2 Ne4 65. Rh6
Re2+ 66. Ka1 Kb3 67. Rh3+ Nc3 0-1

[Event "NB1 Maroczy csoport"]
[Site "Nyiregyhaza"]
[Date "2024.11.03"]
[Round "1.2"]
[White "Varga, Csaba Zoltan"]
[Black "Fule, Simon"]
[Result "1-0"]
[WhiteElo "2189"]
[BlackElo "2254"]
[PlyCount "75"]
[EventDate "2024.11.03"]
[EventType "team-tourn"]
[EventRounds "11"]
[EventCountry "HUN"]
[Source "chess.hu"]
[SourceDate "2024.11.04"]
[WhiteTeam "NYVSC "]
[BlackTeam "DVTK I."]
[WhiteTeamCountry "HUN"]
[BlackTeamCountry "HUN"]

1. d4 Nf6 2. Bg5 d5 3. Bxf6 gxf6 4. e3 c5 5. a3 e6 6. Bb5+ Nc6 7. c4 cxd4 8.
Qxd4 a6 9. Bxc6+ bxc6 10. Ne2 e5 11. Qh4 Be6 12. cxd5 cxd5 13. O-O f5 14. Qa4+
Qd7 15. Qxd7+ Kxd7 16. Nbc3 Rd8 17. Rfd1 Kc6 18. Rac1 Kb7 19. b4 Be7 20. f4 f6
21. Kf2 Rc8 22. Rd3 Rhd8 23. Rcd1 Rc7 24. Nxd5 Rcd7 25. Nec3 Bf8 26. a4 Kc6 27.
b5+ axb5 28. axb5+ Kb7 29. g3 Ba3 30. Ke1 Bc5 31. R3d2 Rf7 32. Na4 Bf8 33. Nab6
h5 34. Nc4 exf4 35. Na5+ Ka8 36. Nc7+ Ka7 37. Nc6+ Kb6 38. Nxd8 1-0

[Event "NB1 Maroczy csoport"]
[Site "Nyiregyhaza"]
[Date "2024.11.03"]
[Round "1.3"]
[White "Gathi, Donat"]
[Black "Okhotnik, Vladimir"]
[Result "0-1"]
[WhiteElo "2141"]
[BlackElo "2245"]
[PlyCount "80"]
[EventDate "2024.11.03"]
[EventType "team-tourn"]
[EventRounds "11"]
[EventCountry "HUN"]
[Source "chess.hu"]
[SourceDate "2024.11.04"]
[WhiteTeam "DVTK I."]
[BlackTeam "NYVSC "]
[WhiteTeamCountry "HUN"]
[BlackTeamCountry "HUN"]

1. e4 d6 2. d4 Nf6 3. Nc3 c6 4. Bg5 Qa5 5. Qd2 b5 6. f3 Nbd7 7. h4 e5 8. d5 b4
9. dxc6 bxc3 10. cxd7+ Bxd7 11. Qxc3 Qxc3+ 12. bxc3 Rc8 13. Kd2 d5 14. Ba6 Rc6
15. Bd3 dxe4 16. fxe4 Bc5 17. Nf3 Ng4 18. Ke2 O-O 19. Bb5 Rc7 20. Bxd7 Rxd7 21.
h5 h6 22. Bh4 f5 23. exf5 Rxf5 24. Rad1 Rdf7 25. Rd8+ Kh7 26. Bg3 Nf6 27. Rc8
Bb6 28. Kd1 Rd7+ 29. Kc1 Be3+ 30. Kb1 e4 31. Ne5 Rb7+ 32. Ka1 Nxh5 33. Bh2 Bd2
34. g4 Rf8 35. Rc4 Nf6 36. Rb1 Rxb1+ 37. Kxb1 Nd5 38. Kb2 Rb8+ 39. Ka3 Nxc3 40.
Nc6 Bc1# 0-1

[Event "NB1 Maroczy csoport"]
[Site "Nyiregyhaza"]
[Date "2024.11.03"]
[Round "1.4"]
[White "Oros, Robert"]
[Black "Horvath, Kristof"]
[Result "1/2-1/2"]
[WhiteElo "2198"]
[BlackElo "2131"]
[PlyCount "55"]
[EventDate "2024.11.03"]
[EventType "team-tourn"]
[EventRounds "11"]
[EventCountry "HUN"]
[Source "chess.hu"]
[SourceDate "2024.11.04"]
[WhiteTeam "NYVSC "]
[BlackTeam "DVTK I."]
[WhiteTeamCountry "HUN"]
[BlackTeamCountry "HUN"]

1. e4 e5 2. Nf3 Nc6 3. Bb5 a6 4. Bxc6 dxc6 5. O-O Bg4 6. h3 h5 7. d3 Qf6 8. Be3
Bxf3 9. Qxf3 Qxf3 10. gxf3 Bd6 11. Nd2 Ne7 12. Kh1 f6 13. Rg1 Kf7 14. Kg2 h4
15. Nc4 g5 16. Kf1 Ng6 17. Ke2 a5 18. a4 Nf8 19. d4 exd4 20. Nxd6+ cxd6 21.
Bxd4 Ne6 22. Be3 d5 23. Rgd1 Rhe8 24. exd5 Nf4+ 25. Kf1 Nxd5 26. Rd3 Re5 27. c4
Nxe3+ 28. fxe3 1/2-1/2

[Event "NB1 Maroczy csoport"]
[Site "Nyiregyhaza"]
[Date "2024.11.03"]
[Round "1.5"]
[White "Fusthy, Zsolt"]
[Black "Varga, Marcell"]
[Result "1-0"]
[WhiteElo "2221"]
[BlackElo "2178"]
[PlyCount "57"]
[EventDate "2024.11.03"]
[EventType "team-tourn"]
[EventRounds "11"]
[EventCountry "HUN"]
[Source "chess.hu"]
[SourceDate "2024.11.04"]
[WhiteTeam "DVTK I."]
[BlackTeam "NYVSC "]
[WhiteTeamCountry "HUN"]
[BlackTeamCountry "HUN"]

1. e4 e5 2. Nf3 Nc6 3. Nc3 Nf6 4. d4 exd4 5. Nxd4 Bb4 6. Nxc6 bxc6 7. Bd3 d5 8.
exd5 O-O 9. O-O cxd5 10. h3 Be6 11. Qf3 Rb8 12. Ne2 Bd6 13. b3 Nd7 14. Bf4 Nc5
15. Rad1 a5 16. Nd4 Rb6 17. a4 Nxd3 18. Rxd3 c5 19. Nb5 Bxf4 20. Qxf4 d4 21.
Qe5 Bd5 22. c4 Ba8 23. Qxc5 Rg6 24. f3 Qh4 25. Nxd4 Qxh3 26. Rf2 Re8 27. Rd1
Qh4 28. Nf5 Rg5 29. Qe7 1-0

[Event "NB1 Maroczy csoport"]
[Site "Nyiregyhaza"]
[Date "2024.11.03"]
[Round "1.6"]
[White "Hibjan, Tamas"]
[Black "Papp, Abel"]
[Result "1/2-1/2"]
[WhiteElo "2143"]
[BlackElo "2185"]
[PlyCount "46"]
[EventDate "2024.11.03"]
[EventType "team-tourn"]
[EventRounds "11"]
[EventCountry "HUN"]
[Source "chess.hu"]
[SourceDate "2024.11.04"]
[WhiteTeam "NYVSC "]
[BlackTeam "DVTK I."]
[WhiteTeamCountry "HUN"]
[BlackTeamCountry "HUN"]

1. e4 e5 2. Nf3 Nc6 3. Bb5 a6 4. Ba4 Nf6 5. O-O b5 6. Bb3 Be7 7. Re1 d6 8. c3
O-O 9. h3 Nb8 10. d4 Nbd7 11. Nbd2 Bb7 12. d5 c6 13. dxc6 Bxc6 14. Bc2 Qc7 15.
Nf1 Nc5 16. Ng3 Qb7 17. Qe2 Rfe8 18. b3 Bf8 19. Bg5 Nfd7 20. Rad1 h6 21. Bc1
Nf6 22. Bb1 a5 23. Nh2 b4 1/2-1/2

[Event "NB1 Maroczy csoport"]
[Site "Nyiregyhaza"]
[Date "2024.11.03"]
[Round "1.7"]
[White "Dobai, Szabolcs"]
[Black "Egyed, Judit"]
[Result "1-0"]
[WhiteElo "2099"]
[BlackElo "2061"]
[PlyCount "121"]
[EventDate "2024.11.03"]
[EventType "team-tourn"]
[EventRounds "11"]
[EventCountry "HUN"]
[Source "chess.hu"]
[SourceDate "2024.11.04"]
[WhiteTeam "DVTK I."]
[BlackTeam "NYVSC "]
[WhiteTeamCountry "HUN"]
[BlackTeamCountry "HUN"]

1. c4 f5 2. g3 Nf6 3. Bg2 g6 4. Nc3 Bg7 5. d3 O-O 6. Nf3 d6 7. O-O e5 8. Rb1
Nc6 9. Bd2 h6 10. b4 g5 11. b5 Ne7 12. Qb3 Kh7 13. Ne1 c6 14. Nc2 d5 15. cxd5
cxd5 16. Nb4 d4 17. Na4 Qe8 18. Qc2 Qh5 19. e3 f4 20. exf4 gxf4 21. Qd1 Bg4 22.
f3 fxg3 23. hxg3 Nf5 24. Qe1 Bh8 25. Rc1 Rf7 26. Qxe5 Re8 27. Qf4 Rg8 28. Rc7
Rxc7 29. Qxc7+ Rg7 30. Qf4 Nxg3 31. Rf2 Bh3 32. Qxh6+ Qxh6 33. Bxh6 Rg6 34.
Bxh3 Kxh6 35. Rh2 Nfh5 36. Nc5 Ne2+ 37. Kf2 Nef4 38. Bg4 Be5 39. Rh1 Bd6 40.
Nd5 Kg5 41. Ne4+ Kh6 42. Nxf4 Bxf4 43. Rxh5+ Kg7 44. Rd5 a6 45. a4 axb5 46.
axb5 Rb6 47. Ng3 Be3+ 48. Kg2 Kf6 49. Bd7 Kf7 50. Nf5 Rg6+ 51. Kh3 Bf2 52. Nxd4
Rg3+ 53. Kh2 Rg1 54. Ne2 Rd1 55. Kg2 Be3 56. f4 Ba7 57. Bc8 Re1 58. Kf3 Rf1+
59. Ke4 Re1 60. Bg4 Ke7 61. Rd7+ 1-0

[Event "NB1 Maroczy csoport"]
[Site "Nyiregyhaza"]
[Date "2024.11.03"]
[Round "1.9"]
[White "Farkas, Istvan"]
[Black "Egyed, Zsolt"]
[Result "1-0"]
[WhiteElo "2014"]
[BlackElo "2053"]
[PlyCount "101"]
[EventDate "2024.11.03"]
[EventType "team-tourn"]
[EventRounds "11"]
[EventCountry "HUN"]
[Source "chess.hu"]
[SourceDate "2024.11.04"]
[WhiteTeam "DVTK I."]
[BlackTeam "NYVSC "]
[WhiteTeamCountry "HUN"]
[BlackTeamCountry "HUN"]

1. e4 c5 2. Nf3 d6 3. Bb5+ Bd7 4. Bxd7+ Nxd7 5. O-O g6 6. c3 Bg7 7. d4 e5 8.
Bg5 Qb6 9. dxc5 Nxc5 10. Nbd2 f6 11. b4 Ne6 12. Be3 Qc6 13. Qb3 Nc7 14. Rfd1 d5
15. exd5 Nxd5 16. b5 Qe6 17. Ne4 Nge7 18. c4 Nxe3 19. Nd6+ Kf8 20. Qxe3 e4 21.
Rac1 f5 22. Nxb7 Qb6 23. Nc5 Kg8 24. Rd7 Bf6 25. Ne1 Kf7 26. Nb3 Qe6 27. Rdd1
Rhd8 28. Nd4 Qb6 29. Nec2 Rac8 30. Qc3 Nd5 31. Qb3 Kg7 32. Nxf5+ gxf5 33. cxd5
Rc3 34. Qa4 Qc5 35. d6 Bg5 36. Qd4+ Qxd4 37. Nxd4 Rxc1 38. Rxc1 Kf6 39. Rc6 Ke5
40. Nb3 f4 41. Rc5+ Kf6 42. Nd2 Bh6 43. Nxe4+ Ke6 44. f3 Bg7 45. Rc7 Bd4+ 46.
Kf1 h6 47. Rh7 Rc8 48. Rxh6+ Kd7 49. Rh7+ Kd8 50. Rc7 Rb8 51. Ng5 1-0

[Event "NB1 Maroczy csoport"]
[Site "Nyiregyhaza"]
[Date "2024.11.03"]
[Round "1.10"]
[White "Hurkovszkij, Vladyslav"]
[Black "Kemendi, Daniel"]
[Result "0-1"]
[WhiteElo "2074"]
[BlackElo "1974"]
[PlyCount "73"]
[EventDate "2024.11.03"]
[EventType "team-tourn"]
[EventRounds "11"]
[EventCountry "HUN"]
[Source "chess.hu"]
[SourceDate "2024.11.04"]
[WhiteTeam "NYVSC "]
[BlackTeam "DVTK I."]
[WhiteTeamCountry "HUN"]
[BlackTeamCountry "HUN"]

1. d4 d5 2. Bf4 c5 3. e3 cxd4 4. exd4 Nc6 5. Nf3 Bg4 6. Be2 f6 7. O-O e6 8. c3
Bd6 9. Bxd6 Qxd6 10. Re1 Nge7 11. Nbd2 O-O 12. Qc2 Bf5 13. Bd3 Rac8 14. Bxf5
Nxf5 15. Nb3 b6 16. a4 Rfe8 17. Qd3 Nh6 18. Rad1 Rcd8 19. Qb5 Re7 20. a5 Rb8
21. a6 Na5 22. Nxa5 bxa5 23. Qxa5 Rxb2 24. Rb1 Qb8 25. Qa1 Rxb1 26. Rxb1 Qc8
27. Rb3 Kf7 28. Qb2 Qxa6 29. h3 Nf5 30. Rb8 Nd6 31. Qc2 Ne4 32. Qb2 Nd6 33. Qc2
Ne4 34. Qb2 Qc6 35. Rh8 Rb7 36. Qa3 Qd6 37. Qxd6 0-1

[Event "NB1 Maroczy csoport"]
[Site "Nyiregyhaza"]
[Date "2024.11.03"]
[Round "1.11"]
[White "Laszlo, Zoltan"]
[Black "Kosa, Peter"]
[Result "1/2-1/2"]
[WhiteElo "1894"]
[BlackElo "2059"]
[PlyCount "36"]
[EventDate "2024.11.03"]
[EventType "team-tourn"]
[EventRounds "11"]
[EventCountry "HUN"]
[Source "chess.hu"]
[SourceDate "2024.11.04"]
[WhiteTeam "DVTK I."]
[BlackTeam "NYVSC "]
[WhiteTeamCountry "HUN"]
[BlackTeamCountry "HUN"]

1. Nf3 Nf6 2. g3 d5 3. Bg2 c6 4. b3 e6 5. Bb2 Nbd7 6. d3 Qc7 7. c4 Be7 8. Nbd2
O-O 9. O-O b6 10. e4 dxe4 11. Nxe4 Bb7 12. Qe2 c5 13. Nxf6+ Bxf6 14. Bxf6 Nxf6
15. d4 Rad8 16. dxc5 Qxc5 17. Rad1 Ne4 18. Ng5 Qxg5 1/2-1/2